Sons of Light: (Record no. 201487)

MARC details
000 -LEADER
fixed length control field 00521nam a22001817a 4500
005 - DATE AND TIME OF LATEST TRANSACTION
control field 20240402112348.0
010 ## - LCCN (DPL NO)
LC control number ENG-139708
020 ## - INTERNATIONAL STANDARD BOOK NUMBER
International Standard Book Number 9788192862903
Terms of availability 250.00
035 ## - SYSTEM CONTROL NUMBER
System control number B-512363-365
037 ## - SOURCE OF ACQUISITION
Stock number dpl
Source of stock number/acquisition BSB/Ven
082 ## - DEWEY DECIMAL CLASSIFICATION NUMBER
Classification number N
100 ## - MAIN ENTRY--PERSONAL NAME
Personal name Solomon Chris
245 ## - TITLE STATEMENT
Title Sons of Light:
Remainder of title The Call of The Servitors/
Statement of responsibility, etc Chris Solomon
260 ## - PUBLICATION, DISTRIBUTION, ETC. (IMPRINT)
Place of publication, distribution, etc Park Town
Name of publisher, distributor, etc The Christian Literature Society
Date of publication, distribution, etc 2014
270 ## - ADDRESS
Address Post Box No. 501
City Chennai
Postal code 600003
300 ## - PHYSICAL DESCRIPTION
Extent 332p.
Dimensions 22(Pbk)
942 ## - ADDED ENTRY ELEMENTS (KOHA)
Source of classification or shelving scheme Dewey Decimal Classification
Item type English Books
Call number suffix SOL
Classification part N
Holdings
Withdrawn status Lost status Not for loan Collection code Home library Current library Date acquired Source of acquisition Cost, normal purchase price Full call number Barcode Copy number Cost, replacement price Koha item type
      Non-fiction Bawana Bawana 14/03/2024 Delivery of Books Act Division 250.00 SOL N EN-123240 1 250.00 English Books

© Delhi Public Library
Hit Counter
free hit counter